Java servlet programming (Record no. 175683)

MARC details
000 -LEADER
fixed length control field 00388nam a2200157Ia 4500
008 - FIXED-LENGTH DATA ELEMENTS--GENERAL INFORMATION
fixed length control field 231217s9999 xx 000 0 und d
041 ## - LANGUAGE CODE
Language code of text/sound track or separate title English
082 ## - DEWEY DECIMAL CLASSIFICATION NUMBER
Classification number 001.6424JAV HUN;1 R
100 ## - MAIN ENTRY--PERSONAL NAME
Personal name Hunter, Jason
245 #0 - TITLE STATEMENT
Title Java servlet programming
250 ## - EDITION STATEMENT
Edition statement 2nd ed.
260 ## - PUBLICATION, DISTRIBUTION, ETC.
Date of publication, distribution, etc. 2001
Name of publisher, distributor, etc. Shroff
Place of publication, distribution, etc. Mumbai
300 ## - PHYSICAL DESCRIPTION
Extent xii+753
650 ## - SUBJECT ADDED ENTRY--TOPICAL TERM
Topical term or geographic name entry element Java,servlet,programming
942 ## - ADDED ENTRY ELEMENTS (KOHA)
Koha item type Books
Holdings
Date last seen Total checkouts Full call number Accession number Cost, total (INR) price Price effective from Category Lost status Damaged status Department Withdrawn status Home library Current library Shelving location Entry date Vendor Cost, normal purchase price Grants Billnumber Billdate Currency symbol Conversion rate Discount Old discount
26/01/2024   001.6424JAV HUN;1 R 36576 400.00 26/01/2024 Books     Central Library   Central Library Central Library Central Library 13/06/2005 Sapna Book House 500.00 CS 27804 20/02/2004 RS 1 100 20
26/01/2024   001.6424JAV HUN;2 R1 37296 400.00 26/01/2024 Books     Central Library   Central Library Central Library Central Library 02/08/2005 College Book House 500.00 IS A92 06/02/2006 RS 1 100 20
26/01/2024   001.6424JAV HUN;3 37297 400.00 26/01/2024 Books     Central Library   Central Library Central Library Central Library 02/08/2005 College Book House 500.00 IS A92 29/01/2006 RS 1 100 20
26/01/2024   001.6424JAV HUN;4 37298 400.00 26/01/2024 Books     Central Library   Central Library Central Library Central Library 02/08/2005 College Book House 500.00 IS A92 01/02/2006 RS 1 100 20
26/01/2024   001.6424JAV HUN;5 37299 400.00 26/01/2024 Books     Central Library   Central Library Central Library Central Library 02/08/2005 College Book House 500.00 IS A92 01/02/2006 RS 1 100 20
26/01/2024   001.6424JAV HUN;6 37300 400.00 26/01/2024 Books     Central Library   Central Library Central Library Central Library 02/08/2005 College Book House 500.00 IS A92 01/02/2006 RS 1 100 20
26/01/2024   001.6424JAV HUN;7 37301 400.00 26/01/2024 Books     Central Library   Central Library Central Library Central Library 02/08/2005 College Book House 500.00 IS A92 01/02/2006 RS 1 100 20
26/01/2024   001.6424JAV HUN;8 37302 400.00 26/01/2024 Books     Central Library   Central Library Central Library Central Library 02/08/2005 College Book House 500.00 IS A92 01/02/2006 RS 1 100 20
26/01/2024   001.6424JAV HUN;9 37303 400.00 26/01/2024 Books     Central Library   Central Library Central Library Central Library 02/08/2005 College Book House 500.00 IS A92 01/02/2006 RS 1 100 20
26/01/2024   001.6424JAV HUN;10 37304 400.00 26/01/2024 Books     Central Library   Central Library Central Library Central Library 02/08/2005 College Book House 500.00 IS A92 01/02/2006 RS 1 100 20
26/01/2024   001.6424JAV HUN;11 37305 400.00 26/01/2024 Books     Central Library   Central Library Central Library Central Library 02/08/2005 College Book House 500.00 IS A92 01/02/2006 RS 1 100 20
26/01/2024   001.6424JAV HUN;12 37306 400.00 26/01/2024 Books     Central Library   Central Library Central Library Central Library 02/08/2005 College Book House 500.00 IS A92 01/02/2006 RS 1 100 20
26/01/2024   001.6424JAV HUN;13 37307 400.00 26/01/2024 Books     Central Library   Central Library Central Library Central Library 02/08/2005 College Book House 500.00 IS A92 01/02/2006 RS 1 100 20
26/01/2024   001.6424JAV HUN;14 37308 400.00 26/01/2024 Books     Central Library   Central Library Central Library Central Library 02/08/2005 College Book House 500.00 IS A92 01/02/2006 RS 1 100 20
26/01/2024   001.6424JAV HUN;15 37309 400.00 26/01/2024 Books     Central Library   Central Library Central Library Central Library 02/08/2005 College Book House 500.00 IS A92 01/02/2006 RS 1 100 20
26/01/2024   001.6424JAV HUN;16 37310 400.00 26/01/2024 Books     Central Library   Central Library Central Library Central Library 02/08/2005 College Book House 500.00 IS A92 01/02/2006 RS 1 100 20
26/01/2024   001.6424JAV HUN;17 37311 400.00 26/01/2024 Books     Central Library   Central Library Central Library Central Library 02/08/2005 College Book House 500.00 IS A92 01/02/2006 RS 1 100 20
26/01/2024   001.6424JAV HUN;18 37312 400.00 26/01/2024 Books     Central Library   Central Library Central Library Central Library 02/08/2005 College Book House 500.00 IS A92 01/02/2006 RS 1 100 20
26/01/2024   001.6424JAV HUN;19 37313 400.00 26/01/2024 Books     Central Library   Central Library Central Library Central Library 02/08/2005 College Book House 500.00 IS A92 01/02/2006 RS 1 100 20
26/01/2024   001.6424JAV HUN;20 37314 400.00 26/01/2024 Books     Central Library   Central Library Central Library Central Library 02/08/2005 College Book House 500.00 IS A92 01/02/2006 RS 1 100 20
26/01/2024   001.6424JAV HUN;21 37315 400.00 26/01/2024 Books     Central Library   Central Library Central Library Central Library 02/08/2005 College Book House 500.00 IS A92 01/02/2006 RS 1 100 20

© For any Suggestions or Query, please contact the library staff @ librarian@pes.edu or Phone: +9180 2672 1983/ 2108.